000 01538cam a2200217 4500500
005 20251214032334.0
041 _afre
042 _adc
100 1 0 _aAndress, David
_eauthor
245 0 0 _aWho to Trust? The Emotional Dilemmas of Building a National Electorate in the National Constituent Assembly, 1789-1791
260 _c2024.
500 _a6
520 _aAbstract written by the author. Viewing the early years of the French Revolution as an apprenticeship in democracy underestimates the complexity of the Constituent Assembly’s approach to electoral participation. This article uses an analytical frame around practices and languages of “trust”, in a context of highly-emotional responses to persistent real and imagined threats, to explore how deputies constructed their vision of an electorate, its responsibilities, and its dangers. It shows that fears over the corruption of electoral processes were at the core of debates in both 1789 and 1791, and that the sphere of autonomy allowed to electors and the elected, at all levels below the national legislature, was so narrow as to inevitably lead to further conflicts.
690 _aassemblée nationale.
690 _acitoyenneté
690 _aconfiance
690 _aélections
690 _aémotion
786 0 _nAnnales historiques de la Révolution française | o 415 | 1 | 2024-03-06 | p. 49-72 | 0003-4436
856 4 1 _uhttps://shs.cairn.info/journal-annales-historiques-de-la-revolution-francaise-2024-1-page-71?lang=en&redirect-ssocas=7080
999 _c1575280
_d1575280